[Event "XLIV Sevilla Open 2019"]
[Site "Sevilla"]
[Date "2019.01.12"]
[Round "2"]
[White "Fedorchuk, Sergey A."]
[Black "Dominguez Delgado, Pablo"]
[Result "1-0"]
[WhiteElo "2606"]
[BlackElo "2020"]
[Annotator "TA"]
[PlyCount "49"]
[EventDate "2019.01.11"]
[EventType "swiss"]
[EventCountry "ESP"]
[SourceTitle "playchess.com"]
[Source "ChessBase"]
[SourceQuality "1"]

{[%evp 18,49,57,59,105,84,108,123,210,211,204,206,206,194,200,185,216,189,202,195,197,161,239,220,279,255,279,193,642,642,619,612,595,596]} 1. e4 c5 2. Nf3 g6 3. c3 Bg7 4. d4 cxd4 5. cxd4 d5 6. e5 Nh6 7. h3 O-O 8. Nc3 Nc6 9. Bb5 f6 10. O-O {LiveBook: 25 Games} Be6 {[%cal Rf6e5] B22: Sicilian: 2 c3} (10... Nf7 11. exf6 exf6 12. Re1 g5 13. b3 Qa5 14. Bd2 g4 15. hxg4 Bxg4 16. Be2 Rad8 17. Nh4 Bxe2 18. Nxe2 Qc7 19. Nf4 Ng5 20. Nf5 Qd7 21. Qg4 Nxd4 22. Ne7+ Kh8 23. Qh5 {1-0 (23) Stefansson,H (2530)-Manik,M (2407) Pardubice 2017}) 11. Re1 Re8 $146 ({Predecessor:} 11... fxe5 12. Bxc6 bxc6 13. Nxe5 Qd6 14. Na4 Nf7 15. Bf4 Nxe5 16. Bxe5 Bxe5 17. Rxe5 Rf5 18. Qe1 Rxe5 19. dxe5 {1-0 (36) Cabrilo,G (2419)-Svicevic,R (2300) Belgrade 2014}) 12. Na4 Kh8 (12... Bf5 $16 {was necessary.}) 13. Nc5 $18 Qc8 14. Qa4 {And now Nxb7! would win.} a6 15. Bxc6 $1 bxc6 16. Nxe6 Qxe6 17. exf6 Qxf6 18. Bg5 Qd6 19. Ne5 Kg8 {[#]} (19... Qc7 $142 20. Rac1 (20. Nxc6 Nf5 $16) 20... Qb6 21. Rxc6 Qxb2) 20. Rac1 $1 ({Don't play} 20. Nxc6 $6 e6 $16) 20... Rac8 21. Nxc6 Nf5 22. g4 {[%cal Bg2g4,Bg4f5][%mdl 32]} ({But not} 22. Qxa6 $6 Kh8 $16) 22... h6 $2 (22... Bf6) 23. gxf5 {White is clearly winning.} hxg5 24. Re6 {[%mdl 64] [#] Double Attack} Rxc6 25. Rxd6 {Accuracy: White = 97%, Black =  8%.} 1-0

[Event "XLIV Sevilla Open 2019"]
[Site "Sevilla"]
[Date "2019.01.12"]
[Round "2"]
[White "Ibarra Jerez, Jose Carlos"]
[Black "Saez Gabikagogeaskoa, Oscar"]
[Result "1-0"]
[WhiteElo "2558"]
[BlackElo "2005"]
[Annotator "TA"]
[PlyCount "43"]
[EventDate "2019.01.11"]
[EventType "swiss"]
[EventCountry "ESP"]
[SourceTitle "playchess.com"]
[Source "ChessBase"]
[SourceQuality "1"]

{[%evp 10,43,20,25,15,7,125,122,121,123,125,122,122,127,125,124,171,168,167,165,169,166,167,164,167,164,157,164,174,153,150,146,247,253,29997,29998]} 1. e4 c5 2. Nc3 Nc6 3. Bb5 Nd4 4. Nf3 g6 5. Ba4 Bg7 6. O-O {LiveBook: 63 Games} Nf6 $146 {B31: Sicilian: 2...Nc6 3 Bb5 g6} ({Predecessor:} 6... a6 7. Nxd4 cxd4 8. Ne2 b5 9. Bb3 Bb7 10. d3 d5 11. f3 e6 12. Qe1 Ne7 13. Qh4 dxe4 14. fxe4 {1-0 (36) Karjakin,S (2760)-Soumya,S (2423) Douglas 2018}) 7. e5 Ng4 (7... Nh5 $11) 8. Nxd4 $16 {[%mdl 64] [#] Discovered Attack} cxd4 {White is better.} 9. Qxg4 dxc3 10. dxc3 ({Don't do} 10. bxc3 $6 Bxe5 11. d4 Bg7 $14) 10... O-O 11. Qe4 Qa5 12. Re1 Rb8 13. Bg5 b5 14. Bb3 ({And not} 14. Bxe7 bxa4 15. Bxf8 Bxf8 $15) 14... e6 15. Rad1 Bb7 16. Qh4 Qc7 17. Bf6 a5 18. a3 Rfe8 19. Re3 Qc6 {[%csl Gb7][%cal Rc6g2]} 20. Qh3 Bf8 (20... h5 $16 21. Bxg7 Kxg7) 21. Rd6 $18 {[%mdl 64] Back Rank} Bxd6 $2 {[#]} (21... Qxg2+ $18 22. Qxg2 Bxg2) 22. Qxh7+ $1 {[%mdl 576] Back Rank, Clearance. Accuracy: White = 91%, Black = 42%.} 1-0

[Event "XLIV Sevilla Open 2019"]
[Site "Sevilla"]
[Date "2019.01.12"]
[Round "2"]
[White "Saric, Ante"]
[Black "Martinez Lopez, Jaume"]
[Result "1-0"]
[WhiteElo "2536"]
[BlackElo "2003"]
[Annotator "TA"]
[PlyCount "59"]
[EventDate "2019.01.11"]
[EventType "swiss"]
[EventCountry "ESP"]
[SourceTitle "playchess.com"]
[Source "ChessBase"]
[SourceQuality "1"]

{[%evp 15,59,63,61,58,93,82,72,83,80,69,77,91,167,166,173,171,169,171,163,170,181,161,175,183,166,155,154,116,123,122,120,110,104,112,123,82,87,73,87,84,244,241,282,273,1439,1431]} 1. d4 d6 2. Nf3 g6 3. g3 Bg7 4. Bg2 Nc6 5. d5 Nb8 6. O-O {A41: 1 d4 d6: Tartakower System and Modern Defence} Nf6 7. c4 c6 8. Nc3 O-O {LiveBook: 8 Games} 9. e4 {[%cal Be2e4,Be4e5][%mdl 32]} (9. h3 cxd5 10. cxd5 Na6 11. Be3 Nc5 12. Nd4 a5 13. Qd2 Bd7 14. Bh6 Bxh6 15. Qxh6 Qb6 16. Qd2 {½-½ (53) Cherniaev,A (2425)-Paravyan,D (2521) Voronezh 2017}) 9... Na6 $146 ({Predecessor:} 9... cxd5 10. exd5 Bg4 11. h3 Bxf3 12. Qxf3 Nbd7 13. Qe2 Nb6 14. Bg5 Rc8 15. b3 h6 16. Bd2 {1-0 (27) Lipka,J (2395)-Seitler,A (2205) Slovakia 2006}) 10. dxc6 bxc6 11. e5 Ne8 12. Nd4 Bb7 13. Bxc6 Bxc6 (13... Rb8 $16 {keeps fighting.}) 14. Nxc6 $18 Qd7 15. Nd5 $36 {[%mdl 2048] White has strong initiative.} e6 16. Nde7+ Kh8 {[#]} 17. Bf4 $1 {[%cal Re5d6]} Nb8 18. Nxb8 Rxb8 19. exd6 e5 20. Bg5 {Hoping for c5.} f6 21. Bc1 Nxd6 {[#]} 22. Nxg6+ $1 {[%mdl 512]} hxg6 23. c5 Rfd8 {Threatens to win with ...Nf5.} 24. cxd6 Qxd6 25. Qa4 Qd4 26. Qa5 Rd5 27. Qc7 Qb6 $2 (27... Rbd8 $16 {was called for.}) 28. Qf7 $1 {[%csl LRd5,LRg6]} Rbd8 29. Qxg6 Rd1 $2 (29... Qe6 30. Be3 R5d7) 30. Qh5+ {Precision: White = 97%, Black = 43%.} 1-0

[Event "XLIV Sevilla Open 2019"]
[Site "Sevilla"]
[Date "2019.01.12"]
[Round "2"]
[White "Del Rio De Angelis, Salvador G."]
[Black "Romero Garcia, Mariano"]
[Result "1-0"]
[WhiteElo "2501"]
[BlackElo "1990"]
[Annotator "TA"]
[PlyCount "65"]
[EventDate "2019.01.11"]
[EventType "swiss"]
[EventCountry "ESP"]
[SourceTitle "playchess.com"]
[Source "ChessBase"]
[SourceQuality "1"]

{[%evp 22,65,18,6,31,47,62,62,77,62,70,72,78,93,125,129,133,142,135,61,228,212,333,316,308,286,340,337,452,443,611,614,671,643,851,745,955,949,938,933,868,673,1138,1119,1102,681]} 1. d4 Nf6 2. c4 g6 3. Nc3 Bg7 4. Nf3 d6 5. Bg5 O-O 6. e3 Nbd7 7. Be2 c6 8. O-O h6 9. Bh4 g5 10. Bg3 Nh5 11. Nd2 Nxg3 12. hxg3 {LiveBook: 11 Games} e5 {E61: King's Indian: Early deviations for White, including Smyslov System} (12... e6 13. Nde4 Qe7 14. g4 f5 15. Ng3 f4 16. Nh5 Nf6 17. Qc2 Nxh5 18. gxh5 e5 19. dxe5 Qxe5 20. exf4 gxf4 {0-1 (40) Pedersen,N (2403)-Hoi,C (2377) Denmark 2016}) 13. d5 cxd5 $146 ({Predecessor:} 13... f5 14. g4 fxg4 15. dxc6 bxc6 16. Nde4 Nf6 17. Nxd6 Be6 18. Nde4 Qxd1 19. Raxd1 Nxe4 20. Nxe4 {½-½ (53) Martinez Gonzalez,M (1944)-Munoz Perez,M (2065) Villava 2009}) 14. Nxd5 Nb6 {White is slightly better.} 15. g4 f5 16. gxf5 {And now f6 would win.} Bxf5 17. Nc3 Rc8 18. Nde4 Rc6 19. b3 Kh8 20. Bf3 (20. Ng3 $16) 20... g4 $2 {[#]} ({Black should play} 20... d5 $14) 21. Bxg4 $18 Qh4 (21... Bxe4 {was called for.} 22. Nxe4 d5) 22. Bxf5 Rxf5 23. Ng3 Rg5 24. Nce4 Rg4 25. Qf3 {White is clearly winning.} d5 26. cxd5 Rcg6 27. Rfd1 h5 28. Qf5 Qd8 29. Qxh5+ Kg8 30. d6 Qe8 31. Qf5 Nd7 32. Rac1 Qf7 33. Qxf7+ {Precision: White = 81%, Black = 40%.} 1-0

[Event "XLIV Sevilla Open 2019"]
[Site "Sevilla"]
[Date "2019.01.12"]
[Round "2"]
[White "Li, Di"]
[Black "Moya De La Flor, Daniel"]
[Result "1-0"]
[WhiteElo "2488"]
[BlackElo "1957"]
[Annotator "TA"]
[PlyCount "63"]
[EventDate "2019.01.11"]
[EventType "swiss"]
[EventCountry "ESP"]
[SourceTitle "playchess.com"]
[Source "ChessBase"]
[SourceQuality "1"]

{[%evp 16,63,58,30,40,42,45,43,51,31,40,32,68,85,150,139,173,171,200,186,195,167,150,141,242,220,243,230,264,262,260,257,237,220,233,43,598,551,590,581,695,633,683,667,1181,1166,5918,3695,2786,2635]} 1. d4 d5 2. c4 e6 3. Nf3 Nf6 4. g3 c6 5. Bg2 Bd6 6. O-O O-O 7. Nc3 Nbd7 8. Nd2 Bb4 {E01: Catalan: Early deviations} (8... c5 9. cxd5 exd5 10. dxc5 Nxc5 11. Nb3 Nxb3 12. axb3 Be6 13. Nxd5 Nxd5 14. Bxd5 Qe7 15. Bxe6 Qxe6 16. Ra4 {1-0 (33) Ivanisevic,I (2630)-Todorovic,G (2457) Kragujevac 2017}) 9. Qb3 {LiveBook: 3 Games} Qa5 10. e4 Bxc3 {White is slightly better.} 11. bxc3 dxe4 12. Nxe4 Nxe4 13. Bxe4 Nf6 14. Bg2 Qf5 $146 (14... e5 $142) ({Predecessor:} 14... Rd8 15. Bf4 Ng4 16. h3 Nf6 17. Rfd1 Nh5 18. Be3 Qc7 19. Rd2 b6 20. d5 exd5 21. cxd5 Bb7 22. g4 Nf6 23. d6 {½-½ (23) Herrmann,L (1554)-Laubrock,P (1843) Regensburg 2014}) 15. Re1 Nd7 16. a4 {[%cal Ba2a4,Ba4a5][%mdl 32]} e5 17. a5 a6 18. h3 Re8 19. Ra2 e4 (19... Qg6 $16 20. Rae2 f5) 20. g4 $18 Qg6 {[#]} 21. Rae2 $1 {[%cal Rg2e4]} Nf8 22. Bxe4 f5 23. Bd3 Rxe2 24. Rxe2 {And now c5+ would win.} Qf7 25. g5 $2 (25. Ba3 $18) 25... Qh5 $2 {[%mdl 8192]} (25... f4 $14) 26. c5+ {White is clearly winning.} Kh8 27. Bf4 Be6 28. Rxe6 Nxe6 29. Qxe6 Re8 30. Qxf5 Re1+ 31. Kg2 {[%cal Rf5f8] [#]} Re8 32. Be5 {Accuracy: White = 61%, Black = 30%.} 1-0

[Event "XLIV Sevilla Open 2019"]
[Site "Sevilla"]
[Date "2019.01.12"]
[Round "2"]
[White "Krishna C R G"]
[Black "Munoz Garcia, Jesus"]
[Result "1-0"]
[WhiteElo "2469"]
[BlackElo "1953"]
[Annotator "TA"]
[PlyCount "87"]
[EventDate "2019.01.11"]
[EventType "swiss"]
[EventCountry "ESP"]
[SourceTitle "playchess.com"]
[Source "ChessBase"]
[SourceQuality "1"]

{[%evp 21,87,8,4,14,33,33,40,37,58,60,95,26,57,30,33,34,45,60,55,39,109,107,108,92,112,115,151,38,34,41,41,37,113,47,47,53,57,42,169,71,85,17,108,97,240,236,451,215,856,837,1036,672,996,578,651,598,918,899,1168,1147,1130,1092,29985,29986,29992,1922,1848,1669]} 1. Nf3 Nf6 2. d4 e6 3. e3 d5 4. Bd3 Bd6 5. O-O b6 6. b3 Bb7 7. Bb2 O-O 8. c4 Nbd7 {[%cal Bb8d7,Bd7c5,Bc5e4][%mdl 32]} 9. Nc3 Ne4 10. cxd5 Nxc3 11. Bxc3 exd5 12. Ne5 $146 {E14: Queen's Indian: Classical Variation (4 e3)} ({Predecessor:} 12. b4 Nf6 13. b5 Ne4 14. Bb2 a6 15. a4 axb5 {½-½ (15) Garza Marco,S (2434)-Hernandez Carmenates,H (2564) La Roda 2011}) 12... Bxe5 13. dxe5 Nc5 14. Bc2 {White is slightly better.} Ne4 15. Bb2 c5 16. Qg4 ({White should play} 16. f3 $16 Ng5 17. f4) 16... Qg5 17. Qd7 Rab8 18. f4 Qh6 19. Bxe4 dxe4 20. Rad1 Ba6 (20... Qe6 $14) 21. Rd6 $1 $36 {[%cal Rd6h6][%mdl 2048] Keeping Black busy.} Qh5 {White must now prevent ...Qe2.} 22. Re1 Rb7 23. Qc6 $1 Qf5 24. e6 (24. Red1 $16) 24... fxe6 25. Rxe6 Rbf7 26. Qxe4 Qg4 (26... Qxe4 $14 27. Rxe4 Rd7) 27. Re5 (27. Rd6 $16) 27... Bb7 $14 28. Qc2 Rd8 $1 29. Rg5 Qe6 {[#]} (29... Qd7 $1 $14) 30. Qc3 (30. e4 $1 $18) 30... Rdd7 {[#]} 31. h3 ({Better is} 31. e4 $1 $16) 31... Qc6 (31... h6 $11 32. Rg3 Qd6) 32. e4 $16 Rde7 (32... Qd6 $16 {was necessary.}) 33. Qg3 Kf8 $2 (33... Qd7 34. f5 Bxe4) 34. e5 (34. f5 $142 Kg8 35. e5) 34... c4 $2 (34... Bc8 35. e6 Bxe6) 35. Ba3 $18 c3 36. Rc1 {[%cal Be1c1,Bc1c2,Bc2c6][%mdl 32]} c2 37. Qf2 Qe4 38. Bxe7+ Kxe7 39. Rxc2 Rxf4 40. Rxg7+ Ke6 41. Qd2 {Qd6+ would kill now.} Bd5 42. Rc6+ Kf5 43. Rf6+ (43. g4+ $142 Rxg4+ 44. hxg4+ Qxg4+ 45. Rxg4 Bxc6 46. Qg5+ Ke6 47. Qf6+ Kd7 48. Rg7+ {[%mdl 64] Double Attack} Kc8 49. Qxc6+ Kd8 50. Qd7#) 43... Kxe5 44. Rxf4 {Accuracy: White = 43%, Black = 17%.} 1-0

[Event "XLIV Sevilla Open 2019"]
[Site "Sevilla"]
[Date "2019.01.12"]
[Round "2"]
[White "Lei, Tingjie"]
[Black "Garrido Collantes, Jose Manuel"]
[Result "1-0"]
[WhiteElo "2447"]
[BlackElo "1948"]
[Annotator "TA"]
[PlyCount "73"]
[EventDate "2019.01.11"]
[EventType "swiss"]
[EventCountry "ESP"]
[SourceTitle "playchess.com"]
[Source "ChessBase"]
[SourceQuality "1"]

{[%evp 21,73,50,50,50,54,50,50,36,79,71,67,31,44,44,43,49,88,88,77,40,45,45,82,66,156,159,156,162,161,156,156,159,162,140,229,224,242,236,261,264,603,434,558,572,572,382,376,380,376,382,382,372,374,368]} 1. e4 d6 2. d4 Nf6 3. Nc3 Nbd7 4. f4 e5 5. Nf3 exd4 6. Qxd4 c6 7. Be3 d5 8. e5 Ng4 9. Bg1 {B07: Pirc Defence: Miscellaneous Systems} Bc5 10. Qd2 Bxg1 11. Rxg1 Qb6 {LiveBook: 15 Games. next ...Nxh2! is good for Black.} 12. Na4 Qe3+ 13. Qxe3 Nxe3 14. Bd3 b5 (14... Nb6 15. Nc5 Bg4 16. Nxb7 O-O {1-0 (48) Karjakin,S (2775)-Nepomniachtchi,I (2707) Moscow 2012}) 15. Nc3 Nc5 16. Ke2 $146 (16. Kd2 $5 {[%cal Rd2e3]} Nf5 17. Bxf5 Bxf5 18. Nd4 $16) ({Predecessor:} 16. Kd2 Nc4+ 17. Bxc4 dxc4 {1-0 (37) Dobrowolski,A (2338)-Orzechowski,J (2228) Wroclaw 2007}) 16... Nc4 17. Bxc4 bxc4 18. b4 $36 {[%mdl 2048] White has the initiative.} cxb3 19. axb3 Bg4 20. h3 (20. Kd2 {keeps more tension.} Ne6 21. Ne2 Kd7 22. Ra5 Kc7 23. Rga1) 20... Bxf3+ $1 21. Kxf3 Kd7 22. Rgd1 Kc7 {[#]} (22... Rhb8 $14) 23. b4 $1 $16 {[%cal Rb4c5]} Nd7 24. b5 Nb6 25. bxc6 Kxc6 26. Ra5 Rhd8 27. Nb5 Nc4 (27... Rd7 $16 {was necessary.} 28. Kf2 Nc4 29. Nd4+ Kb7 30. Rb5+ Nb6) 28. Nd4+ $18 Kb6 29. Rb5+ Kc7 30. e6 a5 $2 {[#]} (30... Rd6 31. exf7 Rf8 32. Rxd5 Kd7) 31. Rc5+ Kd6 32. Rc6+ Ke7 33. Rxc4 dxc4 {White is winning.} 34. Nc6+ Kxe6 35. Nxd8+ Ke7 36. Nc6+ Ke6 37. g4 {Precision: White = 85%, Black = 46%.} 1-0

[Event "XLIV Sevilla Open 2019"]
[Site "Sevilla"]
[Date "2019.01.12"]
[Round "2"]
[White "Das, Arghyadip"]
[Black "Ataide Molina, Jose Maria"]
[Result "1-0"]
[WhiteElo "2431"]
[BlackElo "1941"]
[Annotator "TA"]
[PlyCount "35"]
[EventDate "2019.01.11"]
[EventType "swiss"]
[EventCountry "ESP"]
[SourceTitle "playchess.com"]
[Source "ChessBase"]
[SourceQuality "1"]

{[%evp 17,35,37,39,29,42,48,40,44,75,56,98,96,83,88,122,102,133,122,550,571]} 1. e4 {[%cal Be2e4,Be4e5][%mdl 32]} g6 2. d4 Bg7 3. Nc3 d6 4. f4 Nf6 {[%cal Bg8f6,Bf6d7,Bd7b6][%mdl 32]} 5. Nf3 O-O 6. e5 Nfd7 7. Bc4 Nb6 8. Bb3 Na6 {B09: Pirc Defence: Austrian Attack} (8... Nc6 9. O-O Na5 10. Qe2 d5 11. h3 e6 12. Nd1 Qe7 13. Ne3 a6 14. a4 Nbc4 15. Bxc4 Nxc4 16. Ng4 b5 17. b3 Na5 18. f5 exf5 19. Bg5 Qe6 20. Nf6+ Kh8 21. Qe1 {1-0 (21) Efimenko,Z (2632)-Chatalbashev,B (2561) Wunsiedel 2018}) 9. Be3 c5 {LiveBook: 3 Games} 10. dxc5 Nxc5 {White has an edge.} 11. exd6 $146 ({Predecessor:} 11. O-O Bg4 12. h3 Bxf3 13. Qxf3 Nxb3 14. axb3 dxe5 15. Qxb7 exf4 16. Bxf4 {0-1 (33) Georgiopoulos,H (1604)-Androni,K (1863) Anogia 2017}) 11... exd6 12. O-O Bg4 13. h3 Nxb3 14. axb3 Bf5 15. Bd4 f6 16. Qd2 Qc7 17. Qf2 Bd7 $2 {[%mdl 8192] [#]} (17... Be6 $16 {is a better chance.}) 18. Rxa7 $1 {[%mdl 512]} 1-0

[Event "XLIV Sevilla Open 2019"]
[Site "Sevilla"]
[Date "2019.01.12"]
[Round "2"]
[White "Campora, Daniel H."]
[Black "Herrera Oliva, Enrique"]
[Result "1-0"]
[WhiteElo "2417"]
[BlackElo "1932"]
[Annotator "TA"]
[PlyCount "95"]
[EventDate "2019.01.11"]
[EventType "swiss"]
[EventCountry "ESP"]
[SourceTitle "playchess.com"]
[Source "ChessBase"]
[SourceQuality "1"]

{[%evp 19,95,43,61,9,15,15,10,10,6,-19,-5,-11,5,0,41,40,54,40,45,25,41,1,38,37,39,41,41,41,39,51,39,53,265,275,266,271,271,266,272,273,270,266,261,250,224,173,190,191,268,254,343,349,415,409,411,366,322,281,471,503,503,494,518,515,516,512,519,496,439,421,595,587,580,462,29985,29986,29986,29987]} 1. e4 e5 2. Nf3 Nc6 3. Bb5 a6 4. Ba4 Nf6 5. O-O Be7 6. Bxc6 dxc6 7. d3 Bg4 8. Nbd2 O-O 9. Nc4 Bd6 10. h3 Bh5 11. Ne3 $146 {C85: Closed Ruy Lopez: Deferred Exchange Variation} (11. g4 $14 Nxg4 12. hxg4 (12. Nxd6 cxd6 13. hxg4 Bxg4 $15) 12... Bxg4 13. Ne3 (13. Nxd6 Qxd6 14. c3 Bh3 $11)) ({Predecessor:} 11. Re1 b5 12. Ne3 c5 13. Nf5 h6 14. g4 Bg6 15. N3h4 Bxf5 16. Nxf5 a5 17. Be3 Qd7 18. Qd2 Kh7 19. Bxh6 Rg8 20. Bxg7 Rxg7 21. Qh6+ Kg8 22. Qxg7# {1-0 (21) Weber,A (1793)-Weitz,A (1797) Lambsheim 2017}) 11... Nd7 {[%cal Bf6d7,Bd7c5,Bc5e6,Be6f4][%mdl 32]} 12. g4 Bg6 13. Nf5 {The position is equal.} Nc5 14. N3h4 Ne6 15. Ng2 c5 16. Be3 Bxf5 17. gxf5 Nf4 18. Qf3 {[%cal Rg2f4]} g5 19. Rfd1 Qf6 20. c3 Qh6 21. Bxf4 gxf4 22. Qg4+ Kh8 23. Qh4 Qg7 {Strongly threatening ...f3.} 24. f6 Qg6 {White must now prevent ...f3.} 25. Kh1 {Threatens to win with Rg1.} c4 $2 {[#]} ({Black should play} 25... Rg8 $14 26. Nxf4 Qg5 27. Qxg5 Rxg5) 26. Nxf4 $1 $18 {[%mdl 512]} exf4 27. Rg1 {[%mdl 64] Trapped Piece} cxd3 28. Rxg6 fxg6 29. Rd1 Rae8 30. f3 Re6 31. Rxd3 $40 {[%mdl 128] White is out for blood.} Rfxf6 32. Qg5 Kg7 33. Qd5 b6 (33... c6 $142 34. Qd4 Re7) 34. b4 Re5 35. Qb7 Kh6 36. Qxa6 Rh5 37. Qc8 Rf8 38. Qd7 Ra8 $2 (38... b5 {was called for.} 39. Qe6 Re5) 39. a4 Re5 40. Kg2 Rae8 41. Kf2 R8e7 42. Qc6 Kg5 43. Rd1 Kh4 44. Rg1 g5 (44... Rf7 $142 45. Ke2 Kh5) 45. Qc4 Rg7 46. Qa6 h5 (46... Rg8 $18 47. Qc4 Rg7 48. Rg4+ Kh5) 47. Qc8 g4 48. hxg4 {Accuracy: White = 72%, Black = 33%.} 1-0

[Event "XLIV Sevilla Open 2019"]
[Site "Sevilla"]
[Date "2019.01.12"]
[Round "2"]
[White "Gomez Munoz, Raul"]
[Black "Grigoryan, Karen H."]
[Result "0-1"]
[WhiteElo "2208"]
[BlackElo "2557"]
[Annotator "TA"]
[PlyCount "62"]
[EventDate "2019.01.11"]
[EventType "swiss"]
[EventCountry "ESP"]
[SourceTitle "playchess.com"]
[Source "ChessBase"]
[SourceQuality "1"]

{[%evp 25,62,-26,-23,-56,-32,-45,0,-4,-8,-9,0,-8,0,0,0,23,11,0,8,-72,-77,-66,0,-25,-14,-13,-24,-41,-51,-280,-286,-281,-274,-279,-267,-398,-250,-556,-554]} 1. e4 c5 2. Nf3 e6 3. d4 cxd4 4. Nxd4 Nf6 5. Nc3 d6 6. Be2 Be7 7. O-O O-O 8. Be3 a6 9. f4 Qc7 10. Kh1 b5 11. a3 Bb7 12. Bf3 Nbd7 {[%cal Bb8d7,Bd7c5,Bc5e6][%mdl 32]} 13. Qe1 Rfe8 {LiveBook: 15 Games} 14. g4 {[%cal Bg2g4,Bg4g5][%mdl 32] [#] Strongly threatening g5. B84: Sicilian Scheveningen: 6 Be2 a6, lines without early Be3} (14. Rd1 Bf8 15. Bc1 Nb6 16. b3 g6 17. Bb2 e5 18. Nde2 d5 19. Nxd5 Nfxd5 20. exd5 e4 21. Bg4 Nxd5 {0-1 (35) Horvath,A (2498)-Sethuraman,S (2656) Biel 2016}) 14... Nc5 {[%cal Rf6e4]} 15. Bg1 e5 $146 ({Predecessor:} 15... Na4 16. g5 Nd7 17. Nxa4 bxa4 18. Qg3 Rab8 19. f5 e5 20. Ne2 f6 21. gxf6 Nxf6 {½-½ (52) Lengyel,B (2250)-Musson,A (1761) Budapest 2012}) 16. fxe5 {The position is equal.} dxe5 17. Nf5 Ne6 18. Be3 {White wants to play g5.} Bf8 19. g5 Nd7 20. Rd1 Nf4 21. Qf2 Rac8 22. Bxf4 (22. Rd2 $11) 22... exf4 $17 23. Bg2 Nc5 (23... Nb6 $15 24. Qh4 Nc4) 24. Qxf4 (24. Nd5 $5 {[%cal Rd5c7]} Qe5 25. Qxf4 $11) 24... Qxf4 25. Rxf4 Ne6 $36 {[%mdl 2048] Black has some pressure.} 26. Rg4 {[#]} Bxa3 $1 {[%mdl 512]} 27. Nd6 $2 ({White should try} 27. Nxb5 $15 axb5 28. bxa3) (27. bxa3 Rxc3) 27... Bxd6 $1 $19 ({Inferior is} 27... Bxb2 28. Nd5 $11) 28. Rxd6 b4 29. Nd5 Rxc2 {White must now prevent ...Rc1+.} 30. Bf3 (30. Kg1 $142) 30... Bxd5 31. Rxd5 $2 (31. exd5 {nothing else works.} Nf4 32. h4) 31... Rxb2 {Accuracy: White = 39%, Black = 37%.} 0-1

[Event "XLIV Sevilla Open 2019"]
[Site "Sevilla"]
[Date "2019.01.12"]
[Round "2"]
[White "Montecatine Rios, Ricardo"]
[Black "Xu, Xiangyu"]
[Result "0-1"]
[WhiteElo "2056"]
[BlackElo "2567"]
[Annotator "TA"]
[PlyCount "58"]
[EventDate "2019.01.11"]
[EventType "swiss"]
[EventCountry "ESP"]
[SourceTitle "playchess.com"]
[Source "ChessBase"]
[SourceQuality "1"]

{[%evp 9,58,50,64,58,64,62,79,47,63,62,85,18,38,7,7,7,7,2,14,-97,-82,-77,-83,-214,-216,-207,-186,-188,-188,-165,-146,-159,-119,-202,-202,-202,-202,-202,-202,-222,-208,-201,-220,-205,-219,-191,-195,-221,-227,-272,-235]} 1. d4 e6 2. c4 b6 3. Nc3 Bb7 4. Bf4 (4. e4 Bb4 5. f3 Ne7 6. Bd3 e5 7. Nge2 exd4 8. Nxd4 Nbc6 9. Nde2 Ne5 10. a3 Bxc3+ 11. Nxc3 O-O 12. Bg5 f6 13. Bh4 N7g6 {½-½ (31) Wojtaszek,R (2733)-Meier,G (2628) Dortmund 2018}) 4... g5 5. Bg3 Bg7 6. e4 $146 {A40: Unusual replies to 1 d4} ({Predecessor:} 6. e3 f5 7. Qh5+ Kf8 8. Qd1 h5 9. h3 Ne7 10. Nf3 Ng6 {1-0 (23) Becker,J-Beckmann,R Werther 2000}) 6... h5 {Strongly threatening ...h4.} 7. h4 g4 8. f3 {White is better.} Nc6 9. Nge2 Nge7 10. d5 ({Better is} 10. Qd2 $16) 10... Ne5 11. Bxe5 (11. Nf4 {looks sharper.} Nc8 12. fxg4 hxg4 13. Qa4 Qf6 14. Be2) 11... Bxe5 12. f4 Bg7 13. g3 e5 14. d6 (14. fxe5 $11 Ng6 15. Nd4) 14... cxd6 15. Nb5 Nc8 16. Nec3 (16. Bg2 $17 {was necessary.}) 16... a6 $19 17. Nxd6+ Nxd6 18. Qxd6 {[#]} Rh6 $1 {[%cal Rh6d6]} 19. Qd2 exf4 20. Qxf4 Qf6 21. Bd3 (21. Qe3 $17 {keeps fighting.}) 21... Qxf4 22. gxf4 Bxc3+ 23. bxc3 {[#]} f5 $1 {[%cal Bf7f5,Bf5e4][%mdl 544]} 24. O-O (24. exf5 Bxh1) 24... fxe4 25. Rae1 Re6 26. f5 Re7 (26... exd3 27. fxe6 Bf3 28. exd7+ Kxd7 29. Re3 $11) 27. f6 Re6 28. Bc2 Rc8 29. Rf4 Kf7 {Accuracy: White = 35%, Black = 85%.} ({Weaker is} 29... Rxc4 30. Bb3 $17) 0-1